Ethical issues in health care on the frontiers of the twenty-first century /

Bibliographic Details
Other Authors: Wear, Stephen
Format: Book
Language:English
Published: Dordrecht ; Boston, Mass : Kluwer Academic, [2000]
Series:Philosophy and medicine ; v. 65.
Subjects:

MARC

Tag First Indicator Second Indicator Subfields
LEADER 00000cam a2200000Ia 4500
001 in00001566421
005 20151022084100.0
008 000320s2000 ne b 001 0 eng
010 |a  00035406  
020 |a 0792362772 (hardbound : alk. paper) 
035 |a (OCoLC)ocm43751601 
040 |a DLC  |c DLC  |d OHX  |d C#P  |d CUY  |d YHM  |d COU  |d TXA  |d UtOrBLW 
049 |a TXAM 
050 0 0 |a R724  |b .E7879 2000 
072 7 |a RA  |2 lcco 
082 0 0 |a 174/.2  |2 21 
096 |a W 50  |b E8425 2000 
245 0 0 |a Ethical issues in health care on the frontiers of the twenty-first century /  |c edited by Stephen Wear [and others]. 
264 1 |a Dordrecht ;  |a Boston, Mass :  |b Kluwer Academic,  |c [2000] 
264 4 |c ©2000 
300 |a xvi, 326 pages ;  |c 23 cm. 
336 |a text  |b txt  |2 rdacontent 
337 |a unmediated  |b n  |2 rdamedia 
338 |a volume  |b nc  |2 rdacarrier 
490 1 |a Philosophy and medicine ;  |v v. 65 
504 |a "General bibliography": pages [275]-318. 
504 |a Includes bibliographical references and index. 
505 0 0 |t Ethical issues in health care on the frontiers of the twenty-first century /  |r Stephen Wear, James Bono, Gerald and Adrianne McEvoy --  |t Bioethics at the end of the millennium /  |r H. Trinstram Engelhardt --  |t Dilemma of funding health care /  |r Stephen Wear --  |t Toward multiple standards of health care delivery /  |r H. Tristram Engelhard --  |t Preventive ethics approach to the managed prectice of medicine /  |r Laurence B. Mccullough --  |t Saving lives, saving money /  |r E. Haavi Morreim --  |t Human genome, difference, and disease /  |r James J. Bono --  |t Concepts of disease after the human genome project /  |r Eric Juengst --  |t From promises to progress to portents of peril /  |r Dorothy Nelkin --  |t PKU and precreative liberty /  |r Dianne B. Paul --  |t Everybody's got something /  |r Jonathan D. Moreno --  |t Physician/patient relationship /  |r Gerald Logue --  |t Medicine of neighbors /  |r Kathryn Montgomery --  |t Trust, institutions, and the physician-patient relationship /  |r Julie Rothstein Rosenbaum --  |t Can relationships heal /  |r Howard Brody --  |t Values and the physician-patient relationship /  |r Scott Devito. 
650 0 |a Medical ethics. 
650 2 |a Ethics, Professional. 
650 2 |a Bioethics. 
650 2 |a Ethics, Institutional. 
650 2 |a Delivery of Health Care. 
700 1 |a Wear, Stephen. 
830 0 |a Philosophy and medicine ;  |v v. 65. 
938 |a Otto Harrassowitz  |b HARR  |n har005128819  |c 249.00 DEM 
994 |a E0  |b TXA 
948 |a cataloged  |b h  |c 2000/11/9  |d c  |e bwalker  |f 2:26:21 pm 
999 |a MARS 
999 f f |s ef8776f4-db13-372a-a53e-dfb485d01e75  |i 15fd6955-76b0-359e-9031-3ae1d05b12a4  |t 0 
952 f f |p ric  |a Texas A&M University  |b Rellis Campus  |c Joint Library Facility  |d Remote Storage  |t 0  |e R724 .E7879 2000  |h Library of Congress classification  |i unmediated -- volume  |m A14826863716 
998 f f |a R724 .E7879 2000  |t 0  |l Remote Storage